Paulo Freire; Una pedagogía latinoamericana / (Record no. 5116)

MARC details
000 -LEADER
campo de control de longitud fija 00755ntaaa2200217 4500
003 - IDENTIFICADOR DE NÚMERO DE CONTROL
campo de control 01
005 - FECHA Y HORA DE LA ÚLTIMA TRANSACCIÓN
campo de control 20251027201107.0
008 - DATOS DE LONGITUD FIJA--INFORMACIÓN GENERAL
campo de control de longitud fija 0714s1973 ag 01
020 ## - NÚMERO INTERNACIONAL ESTÁNDAR DEL LIBRO
Número Internacional Estándar del Libro 9687011327
040 ## - FUENTE DE CATALOGACIÓN
Centro catalogador/agencia de origen AR-BaBN
Lengua de catalogación spa
Centro/agencia transcriptor AR-BaBN
Normas de descripción aacr
Centro/agencia modificador RIC
082 ## - NÚMERO DE LA CLASIFICACIÓN DECIMAL DEWEY
Número de clasificación 371.422 Es1f
100 ## - ENTRADA PRINCIPAL--NOMBRE DE PERSONA
Nombre de persona Escobar [Aguirre], [Juan] Samuel
245 ## - MENCIÓN DEL TÍTULO
Título Paulo Freire; Una pedagogía latinoamericana /
Mención de responsabilidad, etc. [Juan] Samuel Escobar [Aguirre]
250 ## - MENCION DE EDICION
Mención de edición 1 ed.
260 ## - PUBLICACIÓN, DISTRIBUCIÓN, ETC.
Lugar de publicación, distribución, etc. Mexico :
Nombre del editor, distribuidor, etc. CUPSA :
-- Ed. Kyrios,
Fecha de publicación, distribución, etc. 1993
300 ## - DESCRIPCIÓN FÍSICA
Extensión 335 p ;
Dimensiones 18,5 cm
500 ## - NOTA GENERAL
Nota general Edición de la Tesis doctoral del autor. Contiene referencias bibliográficas. Bibliografía p. 311-335. Biblioteca posee fascímil del original como Tesis
650 ## - PUNTO DE ACCESO ADICIONAL DE MATERIA--TÉRMINO DE MATERIA
Término de materia o nombre geográfico como elemento de entrada Freire, Paulo
650 ## - PUNTO DE ACCESO ADICIONAL DE MATERIA--TÉRMINO DE MATERIA
Término de materia o nombre geográfico como elemento de entrada Pedagogia-Metodos
9 (RLIN) 432
942 ## - ELEMENTOS DE ENTRADA SECUNDARIOS (KOHA)
Tipo de ítem Koha Colección General
Holdings
Estatus retirado Estado de pérdida Estado de daño No para préstamo Biblioteca de origen Biblioteca actual Fecha de adquisición Número de inventario Total de préstamos Signatura topográfica completa Código de barras Visto por última vez Precio de reemplazo Tipo de ítem Koha
        Biblioteca Pluis Biblioteca Pluis 27/10/2025 040560   371.422 Es1f 040560 27/10/2025 27/10/2025 Colección General